| 000 | 00998cam a2200181 4500 | ||
|---|---|---|---|
| 001 | X109994 | ||
| 008 | 000000n2000 000 0 eng u | ||
| 035 | _a(Sirsi) u109994 | ||
| 245 | _aMagon v Barking and Dagenham LBC | ||
| 260 | _c2000 | ||
| 490 |
_aRating Appeals _v[2000] RA 459-470(7) |
||
| 520 | _aQBD 18 October 1999. Held that the premises divided into units and used by the licensees for storage were in the rateable occupation of the owner because the premises were used as a business by the owner for the purpose of allowing the licensees to store their goods in the premises or parts of the premises on the terms of agreements which gave very limited rights to the licneses and the actual occupation of the premiss by te owner by virrtue of the nature of the control over the premises. Appeal dismissed. | ||
| 650 | _aSTORAGE UNITS | ||
| 650 | _aMAGON V BARKING AND DAGENHAM LBC | ||
| 650 | _aRATEABLE OCCUPATION | ||
| 690 | _aRATING AND LOCAL TAXATION-CASE LAW | ||
| 942 | _n0 | ||
| 999 |
_c65606 _d65606 |
||